Регионална библиотека "Любен Каравелов" - Русе

Мечтаните пътища на Европа (Запис номер 82173)

MARC детайли
000 -Лидер
Контролно поле с фиксирана дължина 01307nam a2200349 c 4500
003 - Код на организацията, давaща контролен номер
Контролно поле BLK
005 - Дата и час на последна редакция
Контролно поле 20231107142116.0
008 - Елементи от данни с фиксирана дължина
fixed length control field 180408b bul|||||r ||||||| ||bul||
010 ## - Наследен системен номер
LC control number KNG00086694000
020 ## - Международен стандартен номер на книга ISBN
Международен стандартен номер на книга ISBN 978-954-9715-20-0
-- издат.: Младинска книга
040 ## - Източник на каталожния запис
Идентификатор на билиотеката - собственик на записа BLK
041 ## - Код за език
Код за езика на текст/звукозапис или на отделно заглавие Български
Код за езика КДБФ Български
080 ## - УДК
Текстов определител УДК География на Европа
УДК код - определител по УДК 913(4)
УДК определител (036)
УДК - код + определител 913(4)(036)
139 ## - Редно поле
Редна дума Мечтаните пътища на Европа
Авторски знак Меч - М 52
245 10 - Сведения за заглавието
Заглавие Мечтаните пътища на Европа
Редно поле (дума) прев. Зорница Чолакова.
257 ## - Страна на издаване
Страна на създаване/издаване Германия
260 ## - Област на издателските данни
-- София
Име на издателя, разпространителя и проч. Младинска книга
Година на издаване 2008
Печатница Отпеч. в Словакия
300 ## - Физическа характеристика
Страници 336 с.
Илюстрации и др. с цв. ил.
Размери/Мащаб 30 см
380 ## - Жанр
Жанр География
500 ## - Общи забележки
Забележка Ориг. загл. Traumstraben Europas. - Показалец.
650 #4 - Допълнително описание по предмет – тема
Основно описание – тема или топоним Европа - туристически маршрути
9 (RLIN) 300414
653 ## - Ключова дума – ненормативна
Ключова дума туризъм
653 ## - Ключова дума – ненормативна
Ключова дума пътешествия
653 ## - Ключова дума – ненормативна
Ключова дума Европа
700 1# - Други автори (авторска отговорност)
Лично име Чолакова, Зорница
Автороска отговорност (Описва отношението между автора и произведението) прев.
9 (RLIN) 300413
852 ## - Местоположение
Форматна сигнатура Цб ІІ 15436
856 4# - Електронен адрес и достъп
Електронен формат pdf - файл
Път до файла /url/
856 4# - Електронен адрес и достъп
Електронен формат pdf - файл
Път до файла /url/
942 ## - АРТИКУЛИ
Вид на библиотечния материал Книги
Скрит в OPAC Не
Koha issues (borrowed), all copies 3
944 ## - СЪЗДАВАНЕ И РЕДАКЦИЯ на ЗАПИСА
Създаване/Редакция Създаване
Дата на регистрацията/редакция 28.11.2008
Статус, дата на статуса Христина Везирева
Служител, извършил регистрацията/редакцията 30535
944 ## - СЪЗДАВАНЕ И РЕДАКЦИЯ на ЗАПИСА
Създаване/Редакция Редакция
Дата на регистрацията/редакция 08.09.2010
Статус, дата на статуса ф /
Служител, извършил регистрацията/редакцията
999 ## - СИСТЕМНИ КОНТРОЛНИ НОМЕРА
Koha biblionumber 82173
Koha biblioitemnumber 82173
Наличности
Код за отписване Код за изгубен артикул Източник на класификационната схема Код за повреда Коз за рестрикции Код за отдаване Артикулен № Име на библиотеката - собственик Име на библиотеката, в която се намира в момента Статус (Текущо местоположение) Дата на вписване в системата Местоположение - отдел Цена в лева Инвентарен номер Систематично азбучна сигнатура Баркод Номер на екземпляра Цена в евро Служебна бележка Служебен тип на артикула
  Не е изгубен Universal Decimal Classification Не е повреден без рестрикции ползва се в читалня 133383 Регионална библиотека "Любен Каравелов" Русе Регионална библиотека "Любен Каравелов" Русе Читалня 2008-11-28 Читалня 89.90 120000731760 Ч 913(4)/М 52 120000731760 1 45.97 Дост: Pk Вид: Ф N: 10091 Дата: 19.11.2008 Дата инв: 30.03.2017 Бележки инв: Ч2017 Книги
  Не е изгубен   Не е повреден без рестрикции ползва се в читалня 133384 Регионална библиотека "Любен Каравелов" Русе Регионална библиотека "Любен Каравелов" Русе Хранилище 2010-09-08 Хранилище 89.90 120000745541 Цб ІІ 15436 120000745541 2 45.97 Дост: Dp Вид: Д N: 1 Дата: 09.12.2009 Книги
Vip Innovations Ltd, Rousse, Bulgaria 2025